000 00385nam a22001457a 4500
020 _a978-0-241-42691-3
082 _a823
_bMUR/W
100 _aMURPHY, JILL
245 _aTHE WORST WITCH : STRIKES AGAIN
246 _aTHE WORST WITCH : STRIKES AGAIN
_bTHE WORST WITCH : STRIKES AGAIN
260 _aU K
_bPUFFIN
_c2016
300 _a83
650 _aENGLISH ADVENTROUS STORY
942 _cBK
999 _c8992
_d8992